000 00236nam a2200097Ia 4500
001 648233
005 20250826153718.0
008 250824s9999 xx 000 0 und d
245 0 _aSOKAKLARIN PRENSESİ ŞİMA
_cCANAN TAN
260 _bDOĞAN
999 _c648233
_d648233